[Event "Madrid-ch Previa B 2014-2015"]
[Site "Madrid ESP"]
[Date "2015.02.20"]
[Round "6.5"]
[White "Ruiz Sanchez, Roberto"]
[Black "Barragan Arriaza, Pablo"]
[Result "1-0"]
[WhiteElo "1897"]
[BlackElo "1585"]
[PlyCount "53"]
[EventDate "2015.02.05"]
[EventType "swiss"]
[EventRounds "9"]
[EventCountry "ESP"]
[Source "lmi"]
[SourceDate "2015.02.05"]

1. e4 e5 2. Nf3 Nc6 3. Bb5 a6 4. Ba4 d6 5. O-O Bg4 6. c3 b5 7. Bb3 Qf6 8. d3
Bxf3 9. Qxf3 Qxf3 10. gxf3 g6 11. Be3 Bg7 12. f4 b4 13. Ba4 Nge7 14. fxe5 dxe5
15. cxb4 O-O 16. Rc1 Nxb4 17. Rxc7 Ned5 18. exd5 Nxd5 19. Rd7 Nxe3 20. fxe3 f5
21. Nc3 f4 22. exf4 exf4 23. Re1 Rad8 24. Ree7 Rxd7 25. Rxd7 Rc8 26. Bb3+ Kf8
27. Rf7+ 1-0

[Event "Madrid-ch Previa B 2014-2015"]
[Site "Madrid ESP"]
[Date "2015.02.20"]
[Round "6.6"]
[White "Pashov, Spas Nikolov"]
[Black "Yeves Miquel, Enrique"]
[Result "1/2-1/2"]
[WhiteElo "1802"]
[BlackElo "1715"]
[PlyCount "37"]
[EventDate "2015.02.05"]
[EventType "swiss"]
[EventRounds "9"]
[EventCountry "ESP"]
[Source "lmi"]
[SourceDate "2015.02.05"]

1. e4 c5 2. Nc3 a6 3. f4 b5 4. d3 Bb7 5. Be3 e6 6. Nf3 Nf6 7. h3 Be7 8. e5 Nd5
9. Nxd5 Bxd5 10. Be2 d6 11. O-O Nd7 12. c4 Bc6 13. d4 d5 14. b3 O-O 15. Qd2
dxc4 16. bxc4 bxc4 17. dxc5 Nxc5 18. Bxc5 Qxd2 19. Nxd2 1/2-1/2

[Event "Madrid-ch Previa B 2014-2015"]
[Site "Madrid ESP"]
[Date "2015.02.20"]
[Round "6.7"]
[White "Garcia Serrano, Jose M"]
[Black "Barragan Panal, Juan Jose"]
[Result "1-0"]
[WhiteElo "1773"]
[BlackElo "1643"]
[PlyCount "63"]
[EventDate "2015.02.05"]
[EventType "swiss"]
[EventRounds "9"]
[EventCountry "ESP"]
[Source "lmi"]
[SourceDate "2015.02.05"]

1. e4 c6 2. Nf3 d5 3. Nc3 dxe4 4. Nxe4 Bf5 5. Ng3 Bg4 6. h3 Bxf3 7. Qxf3 Nf6 8.
Bc4 e6 9. O-O Nbd7 10. Re1 Be7 11. d3 O-O 12. Bd2 Bd6 13. d4 Re8 14. Bb3 Qc7
15. c4 c5 16. d5 Ne5 17. Qc3 exd5 18. cxd5 b5 19. Bg5 b4 20. Qd2 Ned7 21. Ba4
Rxe1+ 22. Rxe1 Bxg3 23. fxg3 Qxg3 24. d6 Kf8 25. Re7 h6 26. Bxf6 Nxf6 27. Bb3
Qg6 28. Qe2 Re8 29. Rxe8+ Nxe8 30. Qe7+ Kg8 31. Qxe8+ Kh7 32. Qxf7 1-0

[Event "Madrid-ch Previa B 2014-2015"]
[Site "Madrid ESP"]
[Date "2015.02.20"]
[Round "6.8"]
[White "Reyes Penas, Sebastian"]
[Black "Martin Hernandez, Vicente"]
[Result "0-1"]
[WhiteElo "1586"]
[BlackElo "1935"]
[PlyCount "88"]
[EventDate "2015.02.05"]
[EventType "swiss"]
[EventRounds "9"]
[EventCountry "ESP"]
[Source "lmi"]
[SourceDate "2015.02.05"]

1. e4 c5 2. Nf3 d6 3. d4 cxd4 4. Nxd4 Nf6 5. Nc3 a6 6. g3 e5 7. Nde2 Be7 8. Bg2
O-O 9. O-O Be6 10. h3 Nbd7 11. a4 Rc8 12. b3 Rc6 13. f4 Nb8 14. f5 Bd7 15. g4
h6 16. a5 Qc7 17. Bd2 Rc8 18. Ra2 b6 19. axb6 Qxb6+ 20. Kh2 R6c7 21. Nd5 Nxd5
22. exd5 Rb7 23. Nc3 Bb5 24. Nxb5 axb5 25. f6 Bxf6 26. Bxh6 Qd8 27. Be3 Nd7 28.
Qd2 Nf8 29. g5 Be7 30. h4 Ng6 31. Qf2 Qe8 32. Bh3 Rcb8 33. h5 Nf8 34. h6 g6 35.
Qf3 Nh7 36. Qg4 Rc7 37. Rf2 Bd8 38. Ra1 Qe7 39. Raf1 Nxg5 40. Bxg5 Qxg5 41.
Qxg5 Bxg5 42. h7+ Kg7 43. Kg2 Rh8 44. Bg4 Rxh7 0-1

[Event "Madrid-ch Previa B 2014-2015"]
[Site "Madrid ESP"]
[Date "2015.02.20"]
[Round "6.9"]
[White "Morera Rodriguez, Ignacio"]
[Black "Fernandez Estremera, Fernando"]
[Result "1-0"]
[WhiteElo "1887"]
[BlackElo "1432"]
[PlyCount "55"]
[EventDate "2015.02.05"]
[EventType "swiss"]
[EventRounds "9"]
[EventCountry "ESP"]
[Source "lmi"]
[SourceDate "2015.02.05"]

1. d4 Nf6 2. c4 e6 3. Nf3 Bb4+ 4. Bd2 Bxd2+ 5. Qxd2 Ne4 6. Qc2 f5 7. e3 O-O 8.
Bd3 Ng5 9. Nbd2 b6 10. h4 Nxf3+ 11. Nxf3 Bb7 12. d5 Na6 13. Rd1 Nb4 14. Qc3
Nxd3+ 15. Rxd3 exd5 16. cxd5 Rc8 17. Qb3 Kh8 18. h5 Qf6 19. Nh4 Qh6 20. Qd1
Rce8 21. Rh3 Kg8 22. d6 c5 23. Qb3+ Qe6 24. Qc3 Qxa2 25. Rg3 Rf7 26. Nxf5 Kf8
27. Nxg7 Ra8 28. Ne6+ 1-0

[Event "Madrid-ch Previa B 2014-2015"]
[Site "Madrid ESP"]
[Date "2015.02.20"]
[Round "6.10"]
[White "Moro Serrano, Federico"]
[Black "De Dompablo Fantova, Juan"]
[Result "1-0"]
[WhiteElo "1585"]
[BlackElo "1722"]
[PlyCount "63"]
[EventDate "2015.02.05"]
[EventType "swiss"]
[EventRounds "9"]
[EventCountry "ESP"]
[Source "lmi"]
[SourceDate "2015.02.05"]

1. d4 Nf6 2. c4 g6 3. Nc3 Bg7 4. e4 d6 5. Nf3 O-O 6. Be2 Nbd7 7. O-O e5 8. b4
exd4 9. Nxd4 Re8 10. f3 Ne5 11. Rb1 a6 12. Bg5 h6 13. Be3 c6 14. Qd2 Kh7 15. h3
Qc7 16. f4 Ned7 17. Bd3 Nf8 18. Rf3 Ne6 19. Nxe6 Bxe6 20. Rbf1 d5 21. f5 gxf5
22. exd5 cxd5 23. cxd5 Bd7 24. Bxf5+ Bxf5 25. Rxf5 Ng8 26. Rxf7 Re7 27. d6 Qc4
28. dxe7 Kh8 29. Rxg7 Kxg7 30. Qd4+ Qxd4 31. Bxd4+ Kg6 32. Rf8 1-0

[Event "Madrid-ch Previa B 2014-2015"]
[Site "Madrid ESP"]
[Date "2015.02.21"]
[Round "7.1"]
[White "Aguilera Lopez, Alejandro"]
[Black "Saribekyan, Garnik"]
[Result "1-0"]
[WhiteElo "1879"]
[BlackElo "1678"]
[PlyCount "91"]
[EventDate "2015.02.05"]
[EventType "swiss"]
[EventRounds "9"]
[EventCountry "ESP"]
[Source "lmi"]
[SourceDate "2015.02.05"]

1. d4 e6 2. Nf3 f5 3. Bf4 Nf6 4. c4 Be7 5. Nc3 O-O 6. h3 d6 7. e3 h6 8. Bd3 b6
9. Qb3 Nc6 10. Rd1 Bb7 11. c5 d5 12. cxb6 axb6 13. O-O Na5 14. Qc2 c5 15. Ne5
c4 16. Be2 Qe8 17. g4 b5 18. gxf5 b4 19. Nb1 Ne4 20. fxe6 b3 21. axb3 cxb3 22.
Qc7 Bd6 23. Qd7 Bxe5 24. Qxe8 Raxe8 25. Bxe5 Rxe6 26. f3 Nd6 27. Nd2 Nf5 28.
Kf2 Kh8 29. Bd3 Nc6 30. Bxf5 Rxf5 31. Nxb3 Nxe5 32. dxe5 Rfxe5 33. Nd4 Re8 34.
Rfe1 g5 35. Rd3 Kg7 36. Rc3 Bc8 37. Kg3 h5 38. b4 h4+ 39. Kg2 Kf6 40. b5 Bb7
41. Rc7 R5e7 42. b6 Ba6 43. Kf2 Bc4 44. Rc6+ Kf7 45. Nf5 Rd7 46. Nd6+ 1-0

[Event "Madrid-ch Previa B 2014-2015"]
[Site "Madrid ESP"]
[Date "2015.02.21"]
[Round "7.2"]
[White "Fernandez Rodriguez, Fernando"]
[Black "Ruiz Sanchez, Roberto"]
[Result "1/2-1/2"]
[WhiteElo "1746"]
[BlackElo "1897"]
[PlyCount "39"]
[EventDate "2015.02.05"]
[EventType "swiss"]
[EventRounds "9"]
[EventCountry "ESP"]
[Source "lmi"]
[SourceDate "2015.02.05"]

1. d4 d5 2. c4 c6 3. Nc3 Nf6 4. e3 e6 5. Nf3 Bd6 6. b3 Nbd7 7. Be2 O-O 8. O-O
Qe7 9. Qc2 dxc4 10. bxc4 e5 11. Bd3 Re8 12. Ng5 h6 13. Nge4 Nxe4 14. Nxe4 Bc7
15. a4 b6 16. d5 c5 17. Nc3 e4 18. Bxe4 Nf6 19. Bf3 Bg4 20. Nb5 1/2-1/2

[Event "Madrid-ch Previa B 2014-2015"]
[Site "Madrid ESP"]
[Date "2015.02.21"]
[Round "7.4"]
[White "Garcia Serrano, Jose Manuel"]
[Black "Estevez Sacristan, Deva"]
[Result "1-0"]
[WhiteElo "1773"]
[BlackElo "1624"]
[PlyCount "51"]
[EventDate "2015.02.05"]
[EventType "swiss"]
[EventRounds "9"]
[EventCountry "ESP"]
[Source "lmi"]
[SourceDate "2015.02.05"]

1. e4 e6 2. d4 d5 3. Nc3 Nf6 4. Bg5 Bb4 5. e5 h6 6. Bd2 Bxc3 7. bxc3 Ne4 8. Qg4
Kf8 9. h4 Nxd2 10. Kxd2 c5 11. Rh3 cxd4 12. cxd4 Qa5+ 13. c3 Qa3 14. Rc1 Qxa2+
15. Rc2 Qb3 16. Rf3 Bd7 17. Qg6 Be8 18. Qxe6 Nc6 19. Bd3 Ne7 20. Qd6 a5 21. Ne2
b5 22. Nf4 Kg8 23. Qxe7 Bc6 24. Nh5 Be8 25. Nf6+ gxf6 26. Rg3# 1-0

[Event "Madrid-ch Previa B 2014-2015"]
[Site "Madrid ESP"]
[Date "2015.02.21"]
[Round "7.5"]
[White "Rottenwoehrer Suarez, Juan"]
[Black "Morera Rodriguez, Ignacio"]
[Result "1/2-1/2"]
[WhiteElo "1640"]
[BlackElo "1887"]
[PlyCount "120"]
[EventDate "2015.02.05"]
[EventType "swiss"]
[EventRounds "9"]
[EventCountry "ESP"]
[Source "lmi"]
[SourceDate "2015.02.05"]

1. Nf3 d5 2. c4 c6 3. d4 e6 4. Nc3 dxc4 5. a4 Bb4 6. g3 Nf6 7. Ne5 c5 8. e3 Qd5
9. Rg1 cxd4 10. Qxd4 Qxd4 11. exd4 Ne4 12. Bd2 Nxd2 13. Kxd2 Nc6 14. Nxc6 bxc6
15. Bxc4 O-O 16. Ke2 Re8 17. Rac1 e5 18. d5 Bxc3 19. Rxc3 cxd5 20. Bxd5 Rb8 21.
b3 Ba6+ 22. Ke3 Red8 23. Ke4 Kf8 24. Rc7 Rb4+ 25. Bc4 Bxc4 26. bxc4 f6 27. Rxa7
Rxc4+ 28. Kf5 Rd6 29. Ra8+ Ke7 30. Ra7+ Rd7 31. Rxd7+ Kxd7 32. Rb1 Rc7 33. Rb6
Ke7 34. a5 g6+ 35. Ke4 f5+ 36. Kd3 Kd7 37. a6 Kc8 38. Rf6 Kb8 39. h4 e4+ 40.
Ke3 Rc3+ 41. Ke2 Rc2+ 42. Ke1 Rc1+ 43. Kd2 Rf1 44. Ke2 Ra1 45. h5 Ra2+ 46. Kf1
Ra1+ 47. Kg2 Ra2 48. hxg6 hxg6 49. Kf1 Ra1+ 50. Ke2 Ra2+ 51. Ke3 Ra3+ 52. Ke2
Ra2+ 53. Kf1 Ra1+ 54. Kg2 Ra2 55. Rc6 Ka7 56. g4 Rxa6 57. Rxa6+ Kxa6 58. gxf5
gxf5 59. Kg3 Kb5 60. Kf4 Kc4 1/2-1/2

[Event "Madrid-ch Previa B 2014-2015"]
[Site "Madrid ESP"]
[Date "2015.02.21"]
[Round "7.6"]
[White "Martin Hernandez, Vicente"]
[Black "Spas Pashov, Nikolov"]
[Result "1-0"]
[WhiteElo "1935"]
[BlackElo "1802"]
[PlyCount "91"]
[EventDate "2015.02.05"]
[EventType "swiss"]
[EventRounds "9"]
[EventCountry "ESP"]
[Source "lmi"]
[SourceDate "2015.02.05"]

1. d4 d5 2. c4 c6 3. Nf3 Bf5 4. Nc3 e6 5. e3 Nd7 6. Be2 Ngf6 7. O-O Ne4 8. Nxe4
Bxe4 9. c5 b6 10. b4 a5 11. b5 bxc5 12. bxc6 Nb6 13. Bb5 Qc7 14. dxc5 Bxc5 15.
Bb2 O-O 16. Rc1 Bd6 17. h3 Rfd8 18. a4 Nc4 19. Bc3 Rab8 20. Qe2 Rdc8 21. Nd4
Bg6 22. Ba6 Re8 23. Bb7 Rxb7 24. cxb7 Qxb7 25. Nb5 Bc5 26. Bd4 Bb4 27. f4 Be4
28. Qg4 f5 29. Qh5 Re7 30. Qe2 Rd7 31. Bc3 Bc5 32. Bd4 Qb6 33. Bxc5 Qxc5 34.
Nd4 Re7 35. Rfe1 Qb6 36. Nb5 g6 37. Nc3 Rb7 38. Nxe4 fxe4 39. Kf2 Qc6 40. Rb1
Rxb1 41. Rxb1 Qxa4 42. Rb8+ Kg7 43. Rb7+ Kg8 44. Qg4 Qe8 45. Qh4 h5 46. Qf6 1-0

[Event "Madrid-ch Previa B 2014-2015"]
[Site "Madrid ESP"]
[Date "2015.02.21"]
[Round "7.8"]
[White "Martinez Rubio, Felipe"]
[Black "Moro Serrano, Federico"]
[Result "1-0"]
[WhiteElo "1807"]
[BlackElo "1585"]
[PlyCount "117"]
[EventDate "2015.02.05"]
[EventType "swiss"]
[EventRounds "9"]
[EventCountry "ESP"]
[Source "lmi"]
[SourceDate "2015.02.05"]

1. e4 e5 2. Nf3 Nc6 3. d3 Nf6 4. h3 d5 5. exd5 Nxd5 6. a3 Bd6 7. Bg5 f6 8. Bd2
Be6 9. Nc3 O-O 10. Be2 Nd4 11. Nxd4 exd4 12. Ne4 Be7 13. O-O c5 14. Bf3 Qc7 15.
Re1 Bf7 16. c3 Nf4 17. Qc2 Rad8 18. Rad1 dxc3 19. Bxc3 Qd7 20. d4 Qb5 21. Rd2
Bb3 22. Qb1 f5 23. Ng3 Bg5 24. h4 Bxh4 25. Nxf5 Bg5 26. Re5 Nd5 27. Bxd5+ Bxd5
28. Rd1 Rfe8 29. Rde1 Bf6 30. Nd6 Rxd6 31. Rxe8+ Kf7 32. dxc5 Rc6 33. Bxf6 Kxf6
34. b4 Re6 35. Qb2+ Kf7 36. R8xe6 Bxe6 37. Qe5 Qd7 38. Qf4+ Kg8 39. Qb8+ Kf7
40. Qxa7 Qc6 41. Qb6 Qd5 42. Qc7+ Kf6 43. Qf4+ Ke7 44. Qe4 Qxe4 45. Rxe4 Kd7
46. Rd4+ Kc7 47. f4 Bf5 48. Kf2 Kc6 49. Rd6+ Kb5 50. Rb6+ Ka4 51. Rxb7 Kxa3 52.
Ke3 Be6 53. Kd4 Kb3 54. c6 Bc8 55. Kc5 Kc3 56. Rb8 Bf5 57. c7 Kd3 58. c8=Q Bxc8
59. Rxc8 1-0

[Event "Madrid-ch Previa B 2014-2015"]
[Site "Madrid ESP"]
[Date "2015.02.21"]
[Round "7.9"]
[White "Barragan Panal, Juan Jose"]
[Black "Rottenwoerer, Christoph"]
[Result "1-0"]
[WhiteElo "1643"]
[BlackElo "1689"]
[PlyCount "91"]
[EventDate "2015.02.05"]
[EventType "swiss"]
[EventRounds "9"]
[EventCountry "ESP"]
[Source "lmi"]
[SourceDate "2015.02.05"]

1. d4 Nf6 2. c4 g6 3. Nf3 Bg7 4. g3 O-O 5. Bg2 d6 6. O-O Nbd7 7. Nc3 e5 8. e4
exd4 9. Nxd4 Ne5 10. b3 Bg4 11. f3 Bd7 12. Be3 Qc8 13. Qd2 Be6 14. Nd5 Nxd5 15.
cxd5 c5 16. dxe6 cxd4 17. exf7+ Rxf7 18. Bxd4 Qe6 19. f4 Nc6 20. Bxg7 Kxg7 21.
Rad1 Rd8 22. Qc3+ Kg8 23. Rd3 Rc8 24. Qd2 Rd7 25. e5 Ne7 26. Rxd6 Rxd6 27. Qxd6
Qxd6 28. exd6 Nc6 29. Rc1 Kf8 30. b4 a6 31. a4 Rd8 32. Bxc6 bxc6 33. Rxc6 a5
34. b5 Ke8 35. Kf2 Kd7 36. Ke3 Re8+ 37. Kd4 Re1 38. Kc5 Re4 39. Rc7+ Kd8 40.
Ra7 Rxa4 41. b6 Ra2 42. b7 Rc2+ 43. Kd4 Rb2 44. Ra8+ Kd7 45. b8=Q Rxb8 46. Rxb8
1-0

[Event "Madrid-ch Previa B 2014-2015"]
[Site "Madrid ESP"]
[Date "2015.02.21"]
[Round "7.10"]
[White "Barragan Arriaza, Pablo"]
[Black "Andrade Sandoval, Bianca"]
[Result "1-0"]
[WhiteElo "1585"]
[BlackElo "1668"]
[PlyCount "79"]
[EventDate "2015.02.05"]
[EventType "swiss"]
[EventRounds "9"]
[EventCountry "ESP"]
[Source "lmi"]
[SourceDate "2015.02.05"]

1. c4 Nf6 2. g3 e6 3. Bg2 Be7 4. Nc3 c6 5. Nf3 O-O 6. O-O d5 7. cxd5 cxd5 8. d4
Nbd7 9. Bf4 Re8 10. Nb5 e5 11. Nxe5 Qb6 12. Qb3 a6 13. Nxd7 Qxb5 14. Qxb5 axb5
15. Nb6 Ra6 16. Nxd5 Nxd5 17. Bxd5 Bf6 18. e3 g5 19. Bc7 Bg7 20. Rfc1 Kf8 21.
Rc5 b4 22. Bc4 Rg6 23. Bd3 Rc6 24. Rxc6 bxc6 25. Bd6+ Kg8 26. Bxb4 Be6 27. a4
Rb8 28. Bc3 Rd8 29. b4 Bf8 30. Be4 Bd7 31. a5 f5 32. Bg2 Ra8 33. a6 Ra7 34. d5
c5 35. Bf1 cxb4 36. Bd4 Ra8 37. Bg2 Bc8 38. d6 Rxa6 39. Bd5+ Be6 40. Bxe6# 1-0

[Event "Madrid-ch Previa B 2014-2015"]
[Site "Madrid ESP"]
[Date "2015.02.27"]
[Round "8.1"]
[White "Fernandez Rodriguez, Fernando"]
[Black "Aguilera Lopez, Alejandro"]
[Result "1/2-1/2"]
[WhiteElo "1746"]
[BlackElo "1879"]
[PlyCount "37"]
[EventDate "2015.02.05"]
[EventType "swiss"]
[EventRounds "9"]
[EventCountry "ESP"]
[Source "lmi"]
[SourceDate "2015.02.05"]

1. d4 d5 2. c4 c6 3. Nc3 Nf6 4. e3 e6 5. Nf3 Bd6 6. Be2 O-O 7. b3 Nbd7 8. O-O
Qe7 9. Bb2 b6 10. Qc2 Bb7 11. e4 e5 12. exd5 cxd5 13. dxe5 Nxe5 14. Nb5 dxc4
15. Nxd6 Nxf3+ 16. Bxf3 Bxf3 17. gxf3 Qxd6 18. Qxc4 Rfc8 19. Rad1 1/2-1/2

[Event "Madrid-ch Previa B 2014-2015"]
[Site "Madrid ESP"]
[Date "2015.02.27"]
[Round "8.2"]
[White "Ruiz Sanchez, Roberto"]
[Black "Enfedaque Jimenez, Juan Carlos"]
[Result "1-0"]
[WhiteElo "1897"]
[BlackElo "1758"]
[PlyCount "73"]
[EventDate "2015.02.05"]
[EventType "swiss"]
[EventRounds "9"]
[EventCountry "ESP"]
[Source "lmi"]
[SourceDate "2015.02.05"]

1. d4 Nf6 2. c4 g6 3. Nc3 Bg7 4. e4 d6 5. Nf3 O-O 6. Be2 e5 7. O-O Nc6 8. d5
Ne7 9. b4 Ne8 10. Nd2 f5 11. f3 f4 12. c5 g5 13. Nc4 Ng6 14. a4 Rf7 15. Ba3 Bf8
16. Ra2 h5 17. Nb5 Nf6 18. Rc2 g4 19. Qe1 Rg7 20. Na5 g3 21. h3 Nh4 22. Qd2 Nh7
23. cxd6 Nxg2 24. Kxg2 Qh4 25. Rh1 Ng5 26. Rxc7 Bxh3+ 27. Kg1 Rg6 28. Qe1 Bxd6
29. Nxd6 Rxd6 30. Nc4 Rf6 31. Nxe5 Nxe4 32. fxe4 f3 33. Nxf3 Qxe4 34. Rxh3 h4
35. Rxh4 Qe3+ 36. Kg2 Rxf3 37. Rh8+ 1-0

[Event "Madrid-ch Previa B 2014-2015"]
[Site "Madrid ESP"]
[Date "2015.02.27"]
[Round "8.3"]
[White "Saribekyan, Garnik"]
[Black "Garcia Serrano, Jose M"]
[Result "0-1"]
[WhiteElo "1678"]
[BlackElo "1773"]
[PlyCount "80"]
[EventDate "2015.02.05"]
[EventType "swiss"]
[EventRounds "9"]
[EventCountry "ESP"]
[Source "lmi"]
[SourceDate "2015.02.05"]

1. c4 e5 2. g3 c6 3. d4 exd4 4. Qxd4 d5 5. Bg2 Nf6 6. cxd5 cxd5 7. Nc3 Nc6 8.
Qa4 d4 9. Nb1 Qb6 10. Nf3 Be7 11. O-O O-O 12. Nbd2 Rd8 13. a3 Bd7 14. Qd1 Rac8
15. b4 Qa6 16. Rb1 Bf5 17. b5 Qb6 18. bxc6 Bxb1 19. cxb7 Rc7 20. Qb3 Rxb7 21.
Nxd4 Qxb3 22. N2xb3 Rbd7 23. Nc6 Rc8 24. Nbd4 Be4 25. Bh3 Bxc6 26. Nxc6 Rxc6
27. Bxd7 Nxd7 28. Be3 Bc5 29. Rc1 Kf8 30. Kg2 Ke7 31. a4 Kd6 32. Bf4+ Ke7 33.
Be3 Kd8 34. Kf3 Kc8 35. Ke4 Kb7 36. Rb1+ Rb6 37. Rd1 Nf6+ 38. Kf5 Bxe3 39. fxe3
Rb4 40. e4 Rxe4 0-1

[Event "Madrid-ch Previa B 2014-2015"]
[Site "Madrid ESP"]
[Date "2015.02.27"]
[Round "8.4"]
[White "Yeves Miquel, Enrique"]
[Black "Martin Hernandez, Vicente"]
[Result "1/2-1/2"]
[WhiteElo "1715"]
[BlackElo "1935"]
[PlyCount "106"]
[EventDate "2015.02.05"]
[EventType "swiss"]
[EventRounds "9"]
[EventCountry "ESP"]
[Source "lmi"]
[SourceDate "2015.02.05"]

1. d4 d5 2. c4 e6 3. Nc3 Nf6 4. cxd5 exd5 5. Bg5 Be7 6. e3 O-O 7. Bd3 c6 8. Qc2
h6 9. Bh4 Be6 10. Nge2 Nbd7 11. O-O Re8 12. f3 Nb6 13. e4 dxe4 14. fxe4 Nc4 15.
Qc1 Nb6 16. e5 Nfd5 17. Bxe7 Qxe7 18. Bf5 Bxf5 19. Rxf5 Qe6 20. Rf3 Rad8 21.
Ne4 Nc8 22. N2g3 Nce7 23. Nd6 Rxd6 24. exd6 Qxd6 25. Qc5 Qxc5 26. dxc5 Ng6 27.
Raf1 Ne5 28. Rb3 b6 29. cxb6 axb6 30. Nf5 Nc4 31. Rg3 Nce3 32. Nxe3 Rxe3 33.
Rxe3 Nxe3 34. Re1 Nd5 35. Re8+ Kh7 36. Kf2 Kg6 37. Kf3 Kf5 38. Rc8 Ne7 39. Rc7
Ke6 40. Ke4 Kd6 41. Rb7 b5 42. g4 Ke6 43. Rc7 Kd6 44. Ra7 Ke6 45. b3 b4 46. a4
bxa3 47. Rxa3 Nd5 48. Ra6 Kd6 49. Kd4 Nc7 50. Ra1 Ne6+ 51. Kc4 f6 52. b4 Ng5
53. Ra7 Ne6 1/2-1/2

[Event "Madrid-ch Previa B 2014-2015"]
[Site "Madrid ESP"]
[Date "2015.02.27"]
[Round "8.5"]
[White "Marcos Herrero, Francisco"]
[Black "Rottenwohrer Suarez, Juan"]
[Result "1-0"]
[WhiteElo "1921"]
[BlackElo "1640"]
[PlyCount "243"]
[EventDate "2015.02.05"]
[EventType "swiss"]
[EventRounds "9"]
[EventCountry "ESP"]
[Source "lmi"]
[SourceDate "2015.02.05"]

1. Nf3 Nf6 2. g3 g6 3. Bg2 Bg7 4. O-O O-O 5. d4 d6 6. b3 c5 7. Bb2 Nbd7 8. d5
b5 9. c4 bxc4 10. bxc4 Rb8 11. Bc3 Nb6 12. Nbd2 Ba6 13. Qc2 Nxc4 14. Nxc4 Bxc4
15. Bxf6 Bxf6 16. Qxc4 Rb4 17. Qd3 Bxa1 18. Rxa1 c4 19. Qc3 Qa5 20. Bf1 Ra4 21.
Qxa5 Rxa5 22. e4 Rc5 23. Nd4 Rb8 24. a4 c3 25. Bb5 c2 26. Rc1 a6 27. Bxa6 Rb1
28. Ne2 Rc3 29. Kf1 Ra3 30. Ke1 Rxa4 31. Bd3 Raa1 32. Kd2 Rxc1 33. Nxc1 Kg7 34.
Bxc2 g5 35. Bd1 Kf6 36. Nd3 Ra2+ 37. Ke3 Ra1 38. Bg4 Rh1 39. h3 h6 40. f4 gxf4+
41. gxf4 Rg1 42. e5+ Kg6 43. Nf2 dxe5 44. fxe5 Re1+ 45. Kf4 f6 46. exf6 Kxf6
47. Ne4+ Kg7 48. Ng3 Kf6 49. Be6 Ra1 50. Ne4+ Kg7 51. Ke5 Ra3 52. Kd4 Ra4+ 53.
Ke5 Ra3 54. Kf4 Ra4 55. Kf5 Ra1 56. Ng3 Rg1 57. Nh5+ Kf8 58. Nf4 Kg7 59. Ke5
Re1+ 60. Kd4 Rf1 61. Nd3 Kf6 62. Ke3 Ra1 63. Bg4 Ra5 64. Kd4 Ra3 65. Nc5 Ra7
66. Ne4+ Kg7 67. Ke5 Ra6 68. Nc5 Ra5 69. Ne6+ Kg8 70. Nd8 Ra6 71. Nc6 Kf8 72.
Be6 Ra1 73. Kf5 Rg1 74. Ne5 Rg5+ 75. Kf4 Kg7 76. Ng4 Kh7 77. Bf5+ Kg7 78. Ke5
h5 79. Nf2 Rg2 80. Ne4 Ra2 81. Be6 Re2 82. Kf5 Re1 83. Ng3 Kh6 84. Bf7 h4 85.
Ne4 Rf1+ 86. Ke6 Re1 87. Ke5 Re3 88. Be6 Re1 89. Kf5 Re2 90. Nc5 Rg2 91. Nd7
Rg3 92. Kf4 Rg1 93. Ne5 Rg2 94. Nc6 Rg7 95. Ne5 Rh7 96. Kg4 Kg7 97. Nf3 Kf6 98.
Nxh4 Rg7+ 99. Kf4 Rg1 100. Nf3 Ra1 101. Nd2 Rh1 102. Ne4+ Kg6 103. Ke5 Rf1 104.
Bg4 Re1 105. Bf5+ Kg7 106. Kf4 Rf1+ 107. Kg5 Rg1+ 108. Bg4 Re1 109. Kf5 Rf1+
110. Ke6 Re1 111. Bf5 Kf8 112. Kd7 Rd1 113. Be6 Ra1 114. Nc5 Rc1 115. Nd3 Rf1
116. Ne5 Rg1 117. Nc6 Rg7 118. h4 Rh7 119. Ne5 Rh5 120. Ng6+ Kg7 121. Nxe7 Kf6
122. Nf5 1-0

[Event "Madrid-ch Previa B 2014-2015"]
[Site "Madrid ESP"]
[Date "2015.02.27"]
[Round "8.6"]
[White "Morera Rodriguez, Ignacio"]
[Black "Barragan Panal, Juan Jose"]
[Result "1-0"]
[WhiteElo "1887"]
[BlackElo "1643"]
[PlyCount "97"]
[EventDate "2015.02.05"]
[EventType "swiss"]
[EventRounds "9"]
[EventCountry "ESP"]
[Source "lmi"]
[SourceDate "2015.02.05"]

1. Nf3 Nf6 2. c4 b6 3. g3 Bb7 4. Bg2 g6 5. O-O Bg7 6. d4 O-O 7. Nc3 d5 8. Ne5
c6 9. b3 Qc8 10. Ba3 Re8 11. Rc1 dxc4 12. Nxc4 Nfd7 13. Ne4 Bf8 14. e3 Ba6 15.
d5 c5 16. d6 Bxc4 17. bxc4 Nc6 18. Ng5 Rb8 19. Nxf7 Kxf7 20. Qd5+ e6 21. Qxc6
Qxc6 22. Bxc6 Ne5 23. Bxe8+ Kxe8 24. Rfd1 Kd7 25. Bb2 Nf7 26. e4 b5 27. cxb5
Rxb5 28. Ba3 Bxd6 29. Bxc5 Rxc5 30. Rxc5 Ke7 31. Ra5 Kf6 32. f4 Bc7 33. Rb5
Bb6+ 34. Kg2 g5 35. a4 gxf4 36. gxf4 e5 37. fxe5+ Ke6 38. a5 Bc7 39. Rb7 Bxa5
40. Rxa7 Bc3 41. Rdd7 Nxe5 42. Rxh7 Kf6 43. h4 Nd3 44. Rh6+ Ke5 45. Re7+ Kf4
46. Rf6+ Ke3 47. Rf3+ Ke2 48. Rxd3 Kxd3 49. Kf3 1-0

[Event "Madrid-ch Previa B 2014-2015"]
[Site "Madrid ESP"]
[Date "2015.02.27"]
[Round "8.7"]
[White "Estevez Sacristan, Deva"]
[Black "Martinez Rubio, Felipe"]
[Result "1-0"]
[WhiteElo "1624"]
[BlackElo "1807"]
[PlyCount "61"]
[EventDate "2015.02.05"]
[EventType "swiss"]
[EventRounds "9"]
[EventCountry "ESP"]
[Source "lmi"]
[SourceDate "2015.02.05"]

1. e4 c5 2. Nf3 a6 3. Nc3 b5 4. a3 Bb7 5. d4 cxd4 6. Nxd4 e5 7. Nb3 Nf6 8. Bd3
Be7 9. O-O O-O 10. Be3 Qc7 11. Kh1 d6 12. f4 Nbd7 13. Qe1 Rac8 14. Rd1 Nb6 15.
Qg3 Nh5 16. Qg4 Nxf4 17. Bxf4 exf4 18. Rxf4 Nc4 19. Bxc4 bxc4 20. Nd4 Rcd8 21.
Nf5 g6 22. Nh6+ Kg7 23. Nf5+ Kh8 24. Nh6 Bc8 25. Qg3 Be6 26. Rdf1 f6 27. Ng4 f5
28. exf5 Rxf5 29. Rxf5 Bxf5 30. Nd5 Qd7 31. Qc3+ 1-0

[Event "Madrid-ch Previa B 2014-2015"]
[Site "Madrid ESP"]
[Date "2015.02.27"]
[Round "8.8"]
[White "De Dompablo Fantova, Juan"]
[Black "Barragan Arriaza, Pablo"]
[Result "1/2-1/2"]
[WhiteElo "1722"]
[BlackElo "1585"]
[PlyCount "45"]
[EventDate "2015.02.05"]
[EventType "swiss"]
[EventRounds "9"]
[EventCountry "ESP"]
[Source "lmi"]
[SourceDate "2015.02.05"]

1. e4 d6 2. d4 Nf6 3. Nc3 g6 4. h4 Bg7 5. Be2 h5 6. Nf3 c5 7. d5 Ng4 8. Bf4 Qb6
9. Rb1 Bd4 10. Nxd4 cxd4 11. Bxg4 Bxg4 12. Ne2 Bxe2 13. Qxe2 Qa5+ 14. Bd2 Qxa2
15. Qb5+ Kf8 16. O-O Qa6 17. Qb3 Nd7 18. f4 Qb6 19. Qf3 f6 20. Qh3 Nc5 21. Qf3
Nd7 22. Qh3 Nc5 23. Qf3 1/2-1/2

[Event "Madrid-ch Previa B 2014-2015"]
[Site "Madrid ESP"]
[Date "2015.02.27"]
[Round "8.9"]
[White "Pashov, Spas Nikolov"]
[Black "Fernandez Estremera, Fernando"]
[Result "1-0"]
[WhiteElo "1802"]
[BlackElo "1432"]
[PlyCount "45"]
[EventDate "2015.02.05"]
[EventType "swiss"]
[EventRounds "9"]
[EventCountry "ESP"]
[Source "lmi"]
[SourceDate "2015.02.05"]

1. e4 c5 2. Nc3 e6 3. Be2 a6 4. d3 Qc7 5. f4 d6 6. Bf3 Nf6 7. Be3 Be7 8. Nge2
O-O 9. O-O Nbd7 10. g4 h6 11. h4 Nh7 12. g5 hxg5 13. fxg5 b5 14. Nf4 g6 15. Kg2
Kg7 16. Nh3 f6 17. Qd2 fxg5 18. h5 gxh5 19. Nxg5 Nxg5 20. Bxg5 Bxg5 21. Qxg5+
Kh8 22. Qxh5+ Kg7 23. Qg5+ 1-0